And Even Now (Record no. 231298)
[ view plain ]
| 000 -LEADER | |
|---|---|
| fixed length control field | 01205cam a22002533a 4500 |
| 001 - CONTROL NUMBER | |
| control field | 1956 |
| 003 - CONTROL NUMBER IDENTIFIER | |
| control field | PGUSA |
| 005 - DATE AND TIME OF LATEST TRANSACTION | |
| control field | 20140828083008.0 |
| 008 - FIXED-LENGTH DATA ELEMENTS--GENERAL INFORMATION | |
| fixed length control field | 991101s1999||||xxu|||||s|||||000 e eng d |
| 040 ## - CATALOGING SOURCE | |
| Original cataloging agency | PGUSA |
| Language of cataloging | eng |
| 042 ## - AUTHENTICATION CODE | |
| Authentication code | dc |
| 050 #4 - LIBRARY OF CONGRESS CALL NUMBER | |
| Classification number | PR |
| 100 1# - MAIN ENTRY--PERSONAL NAME | |
| Personal name | Beerbohm, Max, |
| Titles and other words associated with a name | Sir, |
| Dates associated with a name | 1872-1956 |
| 245 10 - TITLE STATEMENT | |
| Title | And Even Now |
| Medium | [electronic resource] / |
| Statement of responsibility, etc | Max, Beerbohm |
| 260 ## - PUBLICATION, DISTRIBUTION, ETC. (IMPRINT) | |
| Name of publisher, distributor, etc | Project Gutenberg, |
| Date of publication, distribution, etc | 1999 |
| 500 ## - GENERAL NOTE | |
| General note | HTML |
| 505 0# - FORMATTED CONTENTS NOTE | |
| Formatted contents note | A relic (1918) -- "How shall I word it?" (1910) -- Mobled king (1911) -- Kolniyatsch (1913) -- No. 2. The Pines (1914) -- A letter that was not written (1914) -- Books within books (1914) -- The golden drugget (1918) -- Hosts and guests (1918) -- A point to be remembered by very eminent men (1918) -- Servants (1918) -- Going out for a walk (1918) -- Quia imperfectum (1918) -- Something defeasible (1919) -- "A clergyman" (1918) -- The crime (1920) -- In homes unblest (1919) -- William and Mary (1920) -- On speaking French (1919) -- Laughter (1920). |
| 506 ## - RESTRICTIONS ON ACCESS NOTE | |
| Terms governing access | Public domain in the USA. |
| 516 ## - TYPE OF COMPUTER FILE OR DATA NOTE | |
| Type of computer file or data note | Electronic text |
| 653 ## - INDEX TERM--UNCONTROLLED | |
| Uncontrolled term | English essays |
| 830 #0 - SERIES ADDED ENTRY--UNIFORM TITLE | |
| Uniform title | Project Gutenberg |
| Volume number/sequential designation | 1956 |
| 856 40 - ELECTRONIC LOCATION AND ACCESS | |
| Uniform Resource Identifier | <a href="http://www.gutenberg.org/ebooks/1956">http://www.gutenberg.org/ebooks/1956</a> |
| 942 ## - ADDED ENTRY ELEMENTS (KOHA) | |
| Koha item type | eBooks |
| Withdrawn status | Lost status | Damaged status | Home library | Current library | Date acquired | Total Checkouts | Date last seen | Price effective from | Koha item type |
|---|---|---|---|---|---|---|---|---|---|
| Project Gutenberg | Project Gutenberg | 08/28/2014 | 08/28/2014 | 08/28/2014 | eBooks |